Welcome to the Holygrace Academy Library

Please use search bar below to get started

THE UGLY DUCKLING (Record no. 6852)

MARC details
000 -LEADER
fixed length control field 00570nam a22001457a 4500
020 ## - INTERNATIONAL STANDARD BOOK NUMBER
ISBN 978-93-82116-51-6
082 ## - DEWEY DECIMAL CLASSIFICATION NUMBER
Classification number 823
Item number BEE/U
100 ## - MAIN ENTRY--AUTHOR NAME
Personal name GEORGE, BEENA
245 ## - TITLE STATEMENT
Title THE UGLY DUCKLING
260 ## - PUBLICATION, DISTRIBUTION, ETC. (IMPRINT)
Place of publication THRISSUR
Name of publisher H & C BOOKS
Year of publication 2022
300 ## - PHYSICAL DESCRIPTION
Number of Pages 48
520 ## - SUMMARY, ETC.
Summary, etc The fairytale tells the story of a plain-looking, little white bird. The yellow ducklings around him do not accept him, so he goes on a journey to find a home, but he does not seem to fit in anywhere. Eventually, he finds a flock of kind white swans who accept him.
650 ## - SUBJECT ADDED ENTRY--TOPICAL TERM
Topical Term SHORT STORY
942 ## - ADDED ENTRY ELEMENTS (KOHA)
Koha item type Books
Holdings
Withdrawn status Lost status Collection code Home library Current library Shelving location Date acquired Source of acquisition Cost, normal purchase price Full call number Accession Number Koha item type
    Fiction Main Library Main Library SHELF 4-E RCHIE & ILLUSTRATED CLASSICS 26/10/2023 Purchase 40.00 823 BEE/U 13026 Books